| 000 | 02233cam a2200421 i 4500 | ||
|---|---|---|---|
| 005 | 20260322212029.0 | ||
| 008 | data | ||
| 010 | _a 2017052995 | ||
| 020 | _a9780190866327 (hardback) | ||
| 020 | _a9780190866334 (updf) | ||
| 020 | _a9780190866341 (epub) | ||
| 020 | _a9780190866341 (epub) | ||
| 020 | _a0190866322 | ||
| 040 |
_aDLC _beng _cDLC _erda _dDLC |
||
| 042 | _apcc | ||
| 043 | _an-us--- | ||
| 050 | 0 | 0 |
_aKF387 _b.F45 2018 |
| 082 | 0 | 0 |
_a349.73 _223 |
| 084 |
_aLAW018000 _aLAW001000 _aLAW018000 _2bisacsh |
||
| 092 | _a349.73 Fei 2018 | ||
| 100 | 1 |
_aFeinman, Jay M., _eauthor. |
|
| 245 | 1 | 0 |
_aLaw 101 : _beverything you need to know about American law / _cJay M. Feinman. |
| 250 | _aFifth edition. | ||
| 260 |
_aNew York, NY : _bOxford University Press, _c2018. |
||
| 264 | 1 |
_aNew York, NY : _bOxford University Press, _c[2018] |
|
| 300 |
_axii, 361 pages ; _c25 cm |
||
| 336 |
_atext _btxt _2rdacontent |
||
| 337 |
_aunmediated _bn _2rdamedia |
||
| 338 |
_avolume _bnc _2rdacarrier |
||
| 500 | _aIncludes indexes. | ||
| 505 | 0 | _aThere are no secret books : you can understand the law -- The supreme law of the land : constitutional law -- First freedoms : constitutional rights -- Your day in court : the litigation process -- Hot coffee and crashing cars: Tort Law -- A deal's a deal : contract law -- You are what you own : property law --Crime doesn't pay : criminal law -- Protecting the innocent, freeing the guilty : criminal procedure. | |
| 520 |
_a"In this fifth edition of his bestselling classic, Jay Feinman provides an authoritative and up-to-date overview of the American legal system. The book covers all the main subjects taught in the first year of law school, and discusses every facet of the American legal tradition, including constitutional law, the litigation process, and criminal, property, and contracts law. Above all, Feinman reveals to readers of all kinds that despite its complexities and quirks, the law can be understood by everyone"-- _cProvided by publisher. |
||
| 650 | 0 |
_aLaw _zUnited States _vPopular works. |
|
| 650 | 7 |
_aLAW / General. _2bisacsh |
|
| 650 | 7 |
_aLAW / Administrative Law & Regulatory Practice. _2bisacsh |
|
| 650 | 7 |
_aLAW / Constitutional. _2bisacsh |
|
| 001 | data | ||
| 999 |
_c677 _d677 |
||